000 00473nam a2200157 a 4500
001 000004114
005 20200929150719.0
008 090717s2003 dr 000 m spa d
040 _aDO-SdBNP
_bspa
_cBNPHU
082 _axxxx
_bR789s
100 1 _aRosario Goris, José
_912226
245 1 0 _aSed compasivos como vuestro Padre es compasivo /
_cJosé Rosario Goris.
260 _aSanto Domingo :
_bEdiciones MSC,
_c2003.
300 _a184 p. ;
_c22 cm.
500 _aIncluye índice
999 _c3932
_d3932